Az 1945-ös nemzetgyülésképviselöválasztások néhány eredménye.

Článok z r. 1947 publikovaný r. 1992 sleduje vzťah medzi demografickými, spoločensko-politickými indikátormi voličov a hlasmi pre jednotlivé strany. Vývoj počtu voličov v Maďarsku od r. 1901. Výsledky volieb. Rozdelenie hlasov pre strany podľa pohlavia, veku, zamestnania, podľa miest s priemyslovým...

Descrizione completa

Salvato in:
Dettagli Bibliografici
Autore principale: Mádai, L.
Natura: Capitolo di libro
Lingua:ungherese
Soggetti:
Tags: Aggiungi Tag
Nessun Tag, puoi essere il primo ad aggiungerne!!

MARC

LEADER 00000naa a2200000 4500
001 r011886
005 20220826094858.8
041 0 |a hun 
044 |a HU 
245 1 0 |a Az 1945-ös nemzetgyülésképviselöválasztások néhány eredménye.  |c L. Mádai 
520 |a Článok z r. 1947 publikovaný r. 1992 sleduje vzťah medzi demografickými, spoločensko-politickými indikátormi voličov a hlasmi pre jednotlivé strany. Vývoj počtu voličov v Maďarsku od r. 1901. Výsledky volieb. Rozdelenie hlasov pre strany podľa pohlavia, veku, zamestnania, podľa miest s priemyslovým alebo poľnohospodárskym charakterom. 
610 2 0 |a voľby 
610 2 0 |a parlamenty 
610 2 0 |a MR 
610 2 0 |a 1945 
610 2 0 |a demografia 
610 2 0 |a politika 
610 2 0 |a strany politické 
610 2 0 |a údaje štatistické 
100 1 |a Mádai, L.